Normal view
MARC view
- خصباك، عائد
Entry Personal Name
001 - CONTROL NUMBER
- control field: 40279
003 - CONTROL NUMBER IDENTIFIER
- control field: JO-AjAnu
005 - DATE AND TIME OF LATEST TRANSACTION
- control field: 20230606080706.0
008 - FIXED-LENGTH DATA ELEMENTS
- fixed length control field: 230606|| aca||aabn | a|a d
040 ## - CATALOGING SOURCE
- Original cataloging agency: JO-AjAnu
- Transcribing agency: JO-AjAnu
100 ## - HEADING--PERSONAL NAME
- Personal name: خصباك، عائد
670 ## - SOURCE DATA FOUND
- Source citation: Work cat.: (JO-AjAnu)20647: خصباك، عائد, author, الشعر العربي عند نهايات القرن العشرين، المحور الثاني - المحور الثالث: حاضر القصيدة العربية تحولاتها وإنجازاتها، مصادر ثقافة الشاعر العربي الحديث